Entry Personal Name
Number of records used in: 1
001 - CONTROL NUMBER
003 - CONTROL NUMBER IDENTIFIER
005 - DATE AND TIME OF LATEST TRANSACTION
- control field:
20221102150730.0
008 - FIXED-LENGTH DATA ELEMENTS
- fixed length control field:
030429n| azannaabn |a aaa
010 ## - LIBRARY OF CONGRESS CONTROL NUMBER
- LC control number:
n 2003008618
035 ## - SYSTEM CONTROL NUMBER
- System control number:
(OCoLC)oca06038003
040 ## - CATALOGING SOURCE
- Original cataloging agency:
DLC
- Language of cataloging:
eng
- Description conventions:
rda
- Transcribing agency:
DLC
- Modifying agency:
DLC
- Modifying agency:
DNLM
046 ## - SPECIAL CODED DATES
100 1# - HEADING--PERSONAL NAME
- Personal name:
Bauman, Robert W.
378 ## - FULLER FORM OF PERSONAL NAME
- Fuller form of personal name:
Robert Warren
400 1# - SEE FROM TRACING--PERSONAL NAME
- Personal name:
Bauman, Robert W.,
- Titles and other words associated with a name:
Jr.
670 ## - SOURCE DATA FOUND
- Source citation:
Bauman, Robert W. Microbiology, 2004:
- Information found:
CIP t.p. (Robert W. Bauman, Amarillo College) book t.p., etc. (Robert W. Bauman; M.A. in botany, Univ. of Texas at Austin; Ph.D. in biology, Stanford Univ.)
670 ## - SOURCE DATA FOUND
- Source citation:
ProQuest's Digital Dissertations database via WWW, Jan. 23, 2004:
- Information found:
(Robert Warren Bauman, Jr.; PHD, Stanford Univ., 1986)
670 ## - SOURCE DATA FOUND
- Source citation:
Microbiology, c2007:
- Information found:
CIP t.p. (Robert W. Bauman) data sheet (b. June 6, 1953)